Abogados : (Registro nro. 5613)
[ vista simple ]
| 000 -LEADER | |
|---|---|
| fixed length control field | 01628nab a22002657a 4500 |
| 003 - CONTROL NUMBER IDENTIFIER | |
| control field | OSt |
| 005 - DATE AND TIME OF LATEST TRANSACTION | |
| control field | 20251222115158.0 |
| 008 - FIXED-LENGTH DATA ELEMENTS--GENERAL INFORMATION | |
| fixed length control field | 190429b xxu||||| |||| 00| 0 spa d |
| 040 ## - CATALOGING SOURCE | |
| Transcribing agency | PJ |
| 100 ## - MAIN ENTRY--PERSONAL NAME | |
| 9 (RLIN) | 6586 |
| Personal name | López Castellano, Noelia Rocío |
| 245 10 - TITLE STATEMENT | |
| Title | Abogados : |
| Remainder of title | sujetos obligados ante la unidad de información financiera. Violación por parte del Estado Argentino del derecho a la privacidad, a trabajar, a la libertad de pensamiento y expresión, a la defensa, a la inviolabilidad de los papeles privados y a la no autoincriminación / |
| Statement of responsibility, etc | Noelia Rocío López Castellano. |
| 260 ## - PUBLICATION, DISTRIBUTION, ETC. (IMPRINT) | |
| Date of publication, distribution, etc | Ciudad Autónoma de Buenos Aires : |
| Place of publication, distribution, etc | Thomson Reuters La Ley, |
| Name of publisher, distributor, etc | 2025. |
| 300 ## - PHYSICAL DESCRIPTION | |
| Extent | p. 127-135 |
| 500 ## - GENERAL NOTE | |
| General note | Cita: TR LALEY AR/DOC/1621/2025. |
| 505 ## - FORMATTED CONTENTS NOTE | |
| Formatted contents note | Sumario: I. Contexto internacional y normativa Interna.— II. Derecho a la privacidad.— III. Situación fáctica circular y derecho a trabajar.— IV. Derecho a la libertad de pensamiento y expresión.— V. Derecho a la defensa, a la no autoincriminación y a la inviolabilidad de los papeles privados.— VI. Conclusión.— VII. Referencias normativas. |
| 505 ## - FORMATTED CONTENTS NOTE | |
| Title | Si te interesa el texto completo, solicitalo a koha@justierradelfuego.gov.ar |
| 650 #0 - SUBJECT ADDED ENTRY--TOPICAL TERM | |
| 9 (RLIN) | 343 |
| Topical term or geographic name as entry element | DERECHO PENAL |
| 650 #0 - SUBJECT ADDED ENTRY--TOPICAL TERM | |
| 9 (RLIN) | 2062 |
| Topical term or geographic name as entry element | ABOGADOS |
| 650 #0 - SUBJECT ADDED ENTRY--TOPICAL TERM | |
| 9 (RLIN) | 2724 |
| Topical term or geographic name as entry element | DERECHO A LA INTIMIDAD |
| 650 #0 - SUBJECT ADDED ENTRY--TOPICAL TERM | |
| 9 (RLIN) | 3716 |
| Topical term or geographic name as entry element | RESPONSABILIDAD DEL ABOGADO |
| 650 #0 - SUBJECT ADDED ENTRY--TOPICAL TERM | |
| 9 (RLIN) | 1260 |
| Topical term or geographic name as entry element | LIBERTAD DE EXPRESION |
| 650 #0 - SUBJECT ADDED ENTRY--TOPICAL TERM | |
| 9 (RLIN) | 586 |
| Topical term or geographic name as entry element | DEFENSA EN JUICIO |
| 773 0# - HOST ITEM ENTRY | |
| Host Biblionumber | 2658 |
| Host Itemnumber | 3164 |
| Title | Revista de derecho penal y criminología. Nº 7 - Agosto 2025 |
| Place, publisher, and date of publication | Ciudad Autónoma de Buenos Aires : Thomson Reuters La Ley, 2017- |
| International Standard Serial Number | 00347914 |
| 942 ## - ADDED ENTRY ELEMENTS (KOHA) | |
| Source of classification or shelving scheme | |
| Koha item type | Analítica Artículo de Revista |
No hay ítems disponibles.
